| 000 | 00651nam a2200229 a 4500 | ||
|---|---|---|---|
| 001 | 1026 | ||
| 003 | BR-CuiBMT | ||
| 005 | 20231126173821.0 | ||
| 008 | 231126s2017 dtba 000 0 por d | ||
| 040 |
_aBR-CuiBMT _cBR-CuiBMT |
||
| 080 |
_22007 _a502.131.1 |
||
| 090 |
_a502.131.1 _bB917d _c2. ed. |
||
| 100 | 1 | _aBuarque, Cristovam | |
| 245 | 1 | 0 |
_aDesafios à humanidade em perguntas / _cCristovam Buarque. |
| 250 | _a2. ed. | ||
| 260 |
_aBrasília : _bSenado Federal, _c2017. |
||
| 300 |
_a183 p. : _bil. color. ; _c21 cm |
||
| 504 | _aInclui bibliografia. | ||
| 650 | _aDesenvolvimento sustentável | ||
| 650 | _aMeio ambiente | ||
| 942 |
_2udc _cLV |
||
| 999 |
_c1026 _d1026 |
||